000 00631nam a22001937a 4500
003 OSt
005 20251024021934.0
008 251021b |||||||| |||| 00| 0 eng d
020 _a13: 978-0-07-340146-1.
040 _aDWCL-Main lib
_cOC
082 _aGr. 909.82 Al427s 2006
100 _aAllen, John L.
245 _aStudent atlas of world politics
260 _aDubuque, Ia. :
_bMcGraw-Hill/Contemporary Learning Series,
_cc2006.
300 _axi, 212 pages :
_bcolored illustration ;
_c27 cm.
650 _21. International relations-Atlases.
650 _22. World politics-Atlases.
942 _2ddc
_cBK-CIRC
_e7th ed.
_kCirc.
_n0
999 _c4960
_d4960